000 00446nam a22001577a 4500
005 20251108173238.0
008 250721s1980 xx 000 0 ara d
082 1 4 _a368/هيك
100 1 _aهيكل، عبد العزيز
_eمؤلف
245 1 0 _aمقدمة في التأمين /
264 1 _aبيروت :
_bدار النهضة العربية،
_c1980.
300 _a334ص.
650 1 7 _aالتأمين
942 _2ddc
_cBK
999 _c99426
_d99426